Países con Territorio en los Balcanes - Estadísticas

Estadísticas generales
  • Esta prueba ha sido intentada 4.756 veces
  • La puntuación promedio es 12 de 13
Estadísticas de respuestas
Porcentaje País % Correcto
54% Croacia
96%
80% Grecia
96%
65% Serbia
96%
>99% Albania
95%
100% Kosovo
95%
>99% Montenegro
95%
>99% Bosnia y Herzegovina
94%
100% Macedonia del Norte
93%
>99% Bulgaria
92%
50% Eslovenia
92%
5% Rumania
92%
3% Turquía
83%
0.1% Italia
79%
No se encontraron pruebas coincidentes
Distribución de puntuación
Porcentaje de gente con cada puntuación
Porcentaje por número respondido
Historial de tus puntuaciones
No has intentado esta prueba.